000
00298nam a2200121Ia 4500
008
190216s9999||||xx |||||||||||||| ||und||
100
_a
Vidwan P C S Nair
245
0
_a
Abhijnana Sakunthalam
260
_b
Poorna Pubs Kozhikode
_c
1983
300
_a
130p
650
_a
Malayalam Nadakam
942
_c
BK
999
_c
26631
_d
26631